Best NBA Player per Team! - Statistics

General Stats
  • This quiz has been taken 40 times
  • The average score is 26 of 30
Answer Stats
Team Player % Correct
Cleveland Cavaliers LeBron James
100%
Chicago Bulls Michael Jordan
100%
Miami Heat Dwayne Wade
96%
Los Angeles Lakers Kobe Bryant
96%
Dallas Mavericks Dirk Nowitzki
93%
Utah Jazz Karl Malone
93%
Minnesota Timberwolves Kevin Garnett
93%
Boston Celtics Larry Bird
93%
Denver Nuggets Nikola Jokic
93%
Oklahoma City Thunder Russell Westbrook
93%
San Antonio Spurs Tim Duncan
93%
Los Angeles Clippers Chris Paul
89%
New Orleans Pelicans Chris Paul
89%
Houston Rockets Hakeem Olajuwon
89%
Milwaukee Bucks Kareem Abdul-Jabbar
89%
Orlando Magic Shaquille O'neal
89%
Phoenix Suns Steve Nash
89%
Washington Wizards Wes Unseld
89%
Golden State Warriors Wilt Chamberlain
89%
Detroit Pistons Isaiah Thomas
81%
Toronto Raptors Kawhi Leonard
81%
New York Knicks Patrick Ewing
81%
Indiana Pacers Reggie Miller
78%
Atlanta Hawks Dominique Wilkins
74%
Brooklyn Nets Jason Kidd
74%
Philadelphia 76ers Julius Erving
74%
Charlotte Hornets Kemba Walker
70%
Memphis Grizzlies Marc Gasol
70%
Sacremento Kings Oscar Robertson
67%
Portland TrailBlazers Clyde Drexler
59%
No matching quizzes found
Score Distribution
Percent of People with Each Score
Percentile by Number Answered
Your Score History
You have not taken this quiz